| 000 | 01444cam a2200361 a 4500 | ||
|---|---|---|---|
| 001 | EDZ0000020845 | ||
| 003 | StDuBDS | ||
| 005 | 20161031105216.0 | ||
| 006 | m||||||||d|||||||| | ||
| 007 | cr ||||||||||| | ||
| 008 | 110126s2010 cau fo 001|0|eng d | ||
| 020 |
_a9781446200872 (ebook) : _cNo price |
||
| 040 |
_aStDuBDS _beng _cStDuBDS _epn |
||
| 049 | _aAlfaisal Main Library | ||
| 050 | 4 | _aLB14.7 | |
| 082 | 0 | 4 |
_a370.1 _222 |
| 245 | 0 | 4 |
_aThe SAGE handbook of philosophy of education _h[electronic resource] / _cedited by Richard Bailey ... [et al.]. |
| 246 | 3 | 0 | _aPhilosophy of education |
| 260 |
_aLos Angeles, [Calif.] ; _aLondon : _bSAGE, _c2010. |
||
| 300 | _a1 online resource (xx, 550 p.) | ||
| 520 | 8 | _aThis book provides an accessible guide to the philosophy of education, its scope, its key thinkers and movements, and its potential contribution to a range of educational concerns. | |
| 504 | _aIncludes bibliographical references and index. | ||
| 521 | _aSpecialized. | ||
| 588 | _aDescription based on print version record. | ||
| 504 | _aIncludes bibliographical references and index. | ||
| 650 | 0 |
_aEducation _xPhilosophy. |
|
| 655 | 7 |
_aElectronic books. _2local |
|
| 700 | 1 |
_aBailey, Richard, _d1966- |
|
| 710 | 2 | _aSage eBooks | |
| 776 | 0 | 8 |
_iPrint version : _z9781847874672 |
| 856 | 4 | 0 | _uhttp://ezproxy.alfaisal.edu/login?url=http://sk.sagepub.com/reference/hdbk_philosophyeducation |
| 942 |
_2lcc _cEBOOKS |
||
| 999 |
_c481741 _d481741 |
||